000 00533nam a2200193Ia 4500
001 21148
003 GE_BSU
008 181216s||||||||xx |||||||||||||| ||und||
040 _cGE_BSU
245 _aГенетика. Том 53, №7. Май 2017
245 _cГл. ред. Янковский
260 _aМосква
260 _c2017
300 _a769-880 стр. 29см.
653 _aГенетика. Том 53, №7. Май 2017
653 _aПериодика
653 _aპერიოდიკა
942 _cCR
999 _c54093
_d54093